000 00442nam a22001697a 4500
003 NUST
005 20260311131558.0
008 260311b ||||| |||| 00| 0 eng d
020 _a 978-0071379526
082 _a658.404
_bHEE
100 _aGary R. Heerkens.
_9133640
245 _aProject Management /
_cGary R. Heerkens.
260 _aUSA:
_b McGraw Hill,
_c2002.
300 _a250 p ;
_c27.2 cm
563 _aPaperback
942 _2ddc
_cBK
999 _c616602
_d616602